00343nam a2200109Ia 4500008004000000082001600040100004000056245007200096250000500168260004700173300001300220210210b1969 xxu||||| |||| 00| 0 eng d a940.27 GRAE aGRANT (A J) and TEMPERLEY (Harold). aEurope in the nineteenth and twentieth centuries (1789-1950). Ed 6. a aLondon.bLongmans Green And Co Ltd.,c1969 axxii,603